000 00463pam a2200181 a 4500
020 _a9783131440617
_c995.00
041 _aeng
_hNULL
082 _a612
_bSIR
100 _aSIRCAR, S .
245 _aPRINCIPLES OF MEDICAL PHYSIOLOGY /
_cNULL.
_hTextual Documents
260 _aNULL :
_bTHIEME ,
_c2008.
300 _a793 :
_bXIII ;
_cA4 .
365 _a995.00
_e2
907 _a8735
_a8736
930 _a4085
999 _c798619
_d798619
650 _aPHYSIOLOGY